| 000 | 00557cam a2200205 4500 | ||
|---|---|---|---|
| 001 | J3160 | ||
| 008 | 090401t xxu||||| |||| 00| 0 eng d | ||
| 035 | _a(Sirsi) u53457 | ||
| 041 | _aeng | ||
| 050 | _a333.3370942297 | ||
| 110 |
_aLambert Smith Hampton _92865 |
||
| 245 | _aSlough office quarterly report. - June quarter 1995 - December quarter 1995 | ||
| 260 |
_aSlough _bLambert Smith Hampton _c1995-96 |
||
| 300 | _a3 pt. ; 30cm. | ||
| 350 | _a0 | ||
| 650 | _aOFFICES | ||
| 690 | _aPROPERTY-COMMERCIAL PROPERTY | ||
| 942 | _n0 | ||
| 948 | _c04/03/1997 | ||
| 999 |
_c93273 _d93273 |
||